| 000 | 00399nam a2200169Ia 4500 | ||
|---|---|---|---|
| 001 | 73836 | ||
| 008 | 160804s9999||||xx |||||||||||||| ||und|| | ||
| 020 | _a9789698455613 | ||
| 040 | _cPK-LaUMT | ||
| 082 |
_a 954.0312 _bTEP- |
||
| 100 | _aIrfan Habib | ||
| 245 |
_aTepu Sultan (Urdu)/ _cIrfan Habib |
||
| 260 |
_aLahore: _bJang Publishers, _c2014 |
||
| 300 | _a158 p. | ||
| 546 | _aUR | ||
| 942 | _cBK | ||
| 999 |
_c86980 _d86980 |
||